Normal view
MARC view
- Computer aided design techniques for lower power Sequential logic circuits
Entry Topical Term
001 - CONTROL NUMBER
- control field: 127112
003 - CONTROL NUMBER IDENTIFIER
- control field: NUST
005 - DATE AND TIME OF LATEST TRANSACTION
- control field: 20241212144924.0
008 - FIXED-LENGTH DATA ELEMENTS
- fixed length control field: 241212|| aca||aabn | a|a d
040 ## - CATALOGING SOURCE
- Original cataloging agency: NUST
- Transcribing agency: NUST
150 ## - HEADING--TOPICAL TERM
- Topical term or geographic name entry element: Computer aided design techniques for lower power Sequential logic circuits
670 ## - SOURCE DATA FOUND
- Source citation: Work cat.: (NUST): Jose Monterio 127111, Computer aided design techniques for lower power Sequential logic circuits, 1997.
